| 000 | 02112nam a2200277 i 4500 | ||
|---|---|---|---|
| 001 | 8903 | ||
| 003 | ES-MaACL | ||
| 005 | 20250731063657.0 | ||
| 008 | 921112m19841992sp ||||1| spa d | ||
| 020 | _a84-321-2119-3 | ||
| 080 | _a946.0(035.3) | ||
| 080 | _a98(=60)(035.3) | ||
| 245 | 0 | 0 |
_aHistoria general de España y América / _cconsejo de dirección, Luis Suárez Fernández ... [et al.]. |
| 260 |
_aMadrid : _bRialp, _c[1984-1992] |
||
| 300 |
_a25 v. : _bil. ; _c29 cm. |
||
| 500 | _aBibliografía. | ||
| 500 | _aÍndices. | ||
| 505 | 8 | _aContiene: I-1. Los orígenes de España - I-2. De la protohistoria a la conquista romana - II. Constitución y ruina de la España romana - III. El fallido intento de un estado hispánico musulmán (711-1025) - IV. La España de los cinco reinos (1085-1369)- V. Los Trastámara y la unidad española (1369-1517)- VI. La época de plenitud: hasta la muerte de Felipe II (1517-98)- VII. El descubrimiento y la fundación de los reinos ultramarinos: hasta fines del siglo XVI - VIII. La crisis de la hegemonía española: siglo XVII - IX-1: América en el siglo XVII: los problemas generales - IX-2: América en el siglo XVII: evolución de los reinos indianos - X-1-2. La España de las reformas: hasta el final del reinado de Carlos IV - XI-1: América en el siglo XVIII: los primeros Borbones - XI-2. La Ilustración en América - XII. Del antiguo al nuevo régimen: hasta la muerte de Fernando VII - XIII. Emancipación y nacionalidades americanas - XIV. La España liberal y romántica (1833-1868) - XV. Reformismo y progreso en América (1840-1905) - XVI-1-2. Revolución y restauración (1868-1931) - XVII. La Segunda República y la guerra - XVIII. Hispanoámerica en el siglo XX - XIX-1-2. La época de Franco | |
| 651 | 4 |
_aEspaña- _xHistoria. _98209 |
|
| 651 | 4 |
_aAmérica española- _xHistoria. _97723 |
|
| 651 |
_aAmérica Latina- _xHistoria- _yS.XIX. _9138934 |
||
| 651 | 4 |
_aAmérica Latina- _xHistoria- _yS.XX. _9161852 |
|
| 700 | 1 |
_aSuárez Fernández, Luis, _d1924-2024 _9240112 |
|
| 852 |
_aES-MaACL _jL-16375-99 |
||
| 999 |
_c8903 _d8903 |
||